PROBLEMAS SOCIOECONOMICOS DE MEXICO Y SUS SOLUCIONES (Registro nro. 53318)
[ vista simple ]
| 000 -LEADER | |
|---|---|
| fixed length control field | 01123nam a2200205 a 4500 |
| 001 - CONTROL NUMBER | |
| control field | 53318 |
| 005 - DATE AND TIME OF LATEST TRANSACTION | |
| control field | 20180714043525.0 |
| 008 - FIXED-LENGTH DATA ELEMENTS--GENERAL INFORMATION | |
| fixed length control field | 140415s2005 mx 000 0 spa d |
| 020 ## - INTERNATIONAL STANDARD BOOK NUMBER | |
| International Standard Book Number | 968134152X |
| 041 ## - LANGUAGE CODE | |
| Language code of text/sound track or separate title | spa |
| 082 ## - DEWEY DECIMAL CLASSIFICATION NUMBER | |
| Classification number | 330.972 |
| Item number | PAZ |
| 100 1# - MAIN ENTRY--PERSONAL NAME | |
| Personal name | PAZOS, LUIS |
| 245 10 - TITLE STATEMENT | |
| Title | PROBLEMAS SOCIOECONOMICOS DE MEXICO Y SUS SOLUCIONES |
| 250 ## - EDITION STATEMENT | |
| Edition statement | 2a ed. |
| 260 ## - PUBLICATION, DISTRIBUTION, ETC. | |
| Place of publication, distribution, etc. | MEXICO : |
| Name of publisher, distributor, etc. | EDITORIAL DIANA, |
| Date of publication, distribution, etc. | 2005 |
| 300 ## - PHYSICAL DESCRIPTION | |
| Extent | 130 |
| Dimensions | 12 x 1 x 18 |
| 490 ## - SERIES STATEMENT | |
| Series statement | BIBLIOTECA DE CIENCIAS DE LA ADMINISTRACION |
| 520 ## - SUMMARY, ETC. | |
| Summary, etc. | DENTRO DE ESTE LIBRO EL AUTOR SINTETIZA LOS PRINCIPALES PROBLEMAS SOCIOECONOMICOS DE NUESTRA SOCIEDAD, LAS CONCENTRACIONES URBANAS, EL DESEMPLEO, EL SUBDESARROLLO, LA INFLACIÓNY EL ATRASO EN EL AGRO. ANALIZA POR QUÉ NO SE APROVECHAN DEBIDAMENTE LOS BOSQUES LOS MARESY LA MINERIA. ACLARA LA FUNCIÓN DE LAS MAQUILADORAS Y DE LOS BANCOS. EL POR QUÉ DEL AMBULANTAJE Y DE LAS ALTAS TASAS DE INTERES. ADEMAS EXAMINA LAS CAUSAS DEL ATRASO EDUCATIVO, DE LA MARGINACION INDÍGENA Y LA ESCASEZ DE VIVI |
| 650 14 - SUBJECT ADDED ENTRY--TOPICAL TERM | |
| Topical term or geographic name entry element | DESARROLLO ECONOMICO |
| General subdivision | ASPECTOS SOCIALES |
| -- | MEXICO |
| -- | CONDICIONES ECONOMICAS SOCIALES |
| Withdrawn status | Lost status | Source of classification or shelving scheme | Damaged status | Not for loan | Collection code | Home library | Current library | Shelving location | Date acquired | Source of acquisition | Inventory number | Total Checkouts | Full call number | Barcode | Date last seen | Date last checked out | Price effective from | Koha item type |
|---|---|---|---|---|---|---|---|---|---|---|---|---|---|---|---|---|---|---|
| Dewey Decimal Classification | General | Biblioteca Karol Wojtyla | Biblioteca Karol Wojtyla | Sala general | 03/12/2013 | Compra | 151000000000000000049346 | 330.972 PAZ | 79374 | 05/01/2026 | 19/02/2018 | 03/12/2013 | Libro |